Fr. Conceicao Rodrigues College of Engineering

Let us C (Record no. 25920)

MARC details
000 -LEADER
fixed length control field 00304nam a2200157Ia 4500
082 ## - DEWEY DECIMAL CLASSIFICATION NUMBER
Classification number 005.133'C'
Item number KAN
100 ## - MAIN ENTRY--PERSONAL NAME
Personal name Kanetkar/ Yashwant
250 ## - EDITION STATEMENT
Edition statement 3
245 ## - TITLE STATEMENT
Title Let us C
260 ## - PUBLICATION, DISTRIBUTION, ETC.
Name of publisher, distributor, etc. BPB Publication
Date of publication, distribution, etc. 1999
300 ## - PHYSICAL DESCRIPTION
Extent 772
546 ## - LANGUAGE NOTE
Language note ENGLISH
654 ## - SUBJECT ADDED ENTRY--FACETED TOPICAL TERMS
Focus term LC
942 ## - ADDED ENTRY ELEMENTS (KOHA)
Koha item type BOOK
Holdings
Withdrawn status Lost status Damaged status Not for loan Collection Home library Current library Date acquired Total Checkouts Full call number Barcode Date last seen Price effective from Koha item type Total Renewals Date last checked out Inventory number
        CRC Fr. Agnel's C.Rodrigues College of Engineering Fr. Agnel's C.Rodrigues College of Engineering 17/03/2023   005.133'C' KAN 11418 17/03/2023 17/03/2023 BOOK      
        CRC Fr. Agnel's C.Rodrigues College of Engineering Fr. Agnel's C.Rodrigues College of Engineering 17/03/2023 4 005.133'C' KAN 11419 07/01/2026 17/03/2023 BOOK 1 19/12/2025  
        CRC Fr. Agnel's C.Rodrigues College of Engineering Fr. Agnel's C.Rodrigues College of Engineering 17/03/2023   005.133'C' KAN 11420 17/03/2023 17/03/2023 BOOK      
        CRC Fr. Agnel's C.Rodrigues College of Engineering Fr. Agnel's C.Rodrigues College of Engineering 17/03/2023   005.133'C' KAN 11421 17/03/2023 17/03/2023 BOOK     3427
        CRC Fr. Agnel's C.Rodrigues College of Engineering Fr. Agnel's C.Rodrigues College of Engineering 17/03/2023 3 005.133'C' KAN 11422 23/07/2024 17/03/2023 BOOK   31/01/2024